केसर का सौरभ : (Record no. 112934)

MARC details
000 -LEADER
fixed length control field 01078nam a22002657a 4500
005 - DATE AND TIME OF LATEST TRANSACTION
control field 20170124102946.0
010 ## - LIBRARY OF CONGRESS CONTROL NUMBER
LC control number 532071
020 ## - INTERNATIONAL STANDARD BOOK NUMBER
Terms of availability 01.50
035 ## - SYSTEM CONTROL NUMBER
System control number 532071
037 ## - SOURCE OF ACQUISITION
Source of stock number/acquisition Cen Lib/Ret
040 ## - CATALOGING SOURCE
Original cataloging agency DPL
Language of cataloging HN
082 ## - DEWEY DECIMAL CLASSIFICATION NUMBER
Classification number 822
Item number वर्मार
100 ## - MAIN ENTRY--PERSONAL NAME
Personal name वर्मा , रामकुमार
9 (RLIN) 49796
245 ## - TITLE STATEMENT
Title केसर का सौरभ :
Statement of responsibility, etc रामकुमार वर्मा
Remainder of title राष्ट्रीय एकांकी /
246 ## - VARYING FORM OF TITLE
Title proper/short title Kesar ka sourabh
Remainder of title by Ramkumar Verma
260 ## - PUBLICATION, DISTRIBUTION, ETC. (IMPRINT)
Place of publication, distribution, etc इलाहाबाद
Name of publisher, distributor, etc लोक भारती प्रकाशन
Date of publication, distribution, etc 1968
270 ## - ADDRESS
Address 15-ए ,महात्मा गाँधी मार्ग
City इलाहाबाद
300 ## - PHYSICAL DESCRIPTION
Extent 42पृष्ठ.
Dimensions 16सेमी(सजिल्द)
650 ## - SUBJECT ADDED ENTRY--TOPICAL TERM
Topical term or geographic name as entry element हिंदी साहित्य
9 (RLIN) 49797
650 ## - SUBJECT ADDED ENTRY--TOPICAL TERM
Topical term or geographic name as entry element हिंदी एकांकी
9 (RLIN) 7
650 ## - SUBJECT ADDED ENTRY--TOPICAL TERM
Topical term or geographic name as entry element Hindi Literature
9 (RLIN) 49798
650 ## - SUBJECT ADDED ENTRY--TOPICAL TERM
Topical term or geographic name as entry element Hindi solitary
9 (RLIN) 44725
700 ## - ADDED ENTRY--PERSONAL NAME
9 (RLIN) 43371
942 ## - ADDED ENTRY ELEMENTS (KOHA)
Source of classification or shelving scheme Dewey Decimal Classification
Koha item type Hindi Books
Classification part 822
Call number suffix वर्मार
Holdings
Withdrawn status Lost status Damaged status Not for loan Home library Current library Date acquired Source of acquisition Cost, normal purchase price Total Checkouts Full call number Barcode Date last seen Copy number Cost, replacement price Price effective from Koha item type
        Central Library Central Library 10/08/2015 Cen Lib/Ret 1.50   822 वर्मार 532071 10/08/2015 1 1.50 10/08/2015 Hindi Books

© Delhi Public Library
Hit Counter
free hit counter